000
00304nam a22001337a 4500
008
170731b xxu||||| |||| 00| 0 eng d
020
_a
3540115994
041
_a
ger
080
_a
004
100
_a
32
101
_a
SHK
245
_a
BETRIEBS- UND WIRTSCHAFTS- INFORMATIK
_c
HANSEN,H.R
942
_2
udc
_c
BK
999
_c
22252
_d
22252